书目信息 |
| 题名: |
汇编语言编程技术
|
|
| 作者: | 李国安 , 李敏 主编 | |
| 分册: | ||
| 出版信息: | 郑州 郑州大学出版社 2007.04 |
|
| 页数: | 303页 | |
| 开本: | 26cm | |
| 丛书名: | 21世纪高等教育系列规划教材 | |
| 单 册: | ||
| 中图分类: | TP313 | |
| 科图分类: | ||
| 主题词: | 汇编语言--hui bian yu yan--程序设计--高等学校--教材 | |
| 电子资源: | ||
| ISBN: | 978-7-81106-486-5 | |
| 000 | 01027nam 2200277 450 | |
| 001 | 012007354446 | |
| 005 | 20070930161306.98 | |
| 010 | @a978-7-81106-486-5@dCNY29.80 | |
| 100 | @a20070809d2007 km y0chiy0120 ea | |
| 101 | 0 | @achi |
| 102 | @aCN@b410000 | |
| 105 | @aak a 000yy | |
| 200 | 1 | @a汇编语言编程技术@Ahui bian yu yan bian cheng ji shu@f李国安, 李敏主编@Fli guo an,li min zhu bian |
| 210 | @a郑州@c郑州大学出版社@d2007.04 | |
| 215 | @a303页@c图@d26cm | |
| 225 | 2 | @a21世纪高等教育系列规划教材@A21 shi ji gao deng jiao yu xi lie gui hua jiao cai |
| 320 | @a有书目。 | |
| 330 | @a本书内容包括:汇编语言基础知识,8088/8086中央处理器,汇编语言寻址方式,8088/8086指令系统,汇编语言指令语句等。 | |
| 333 | @a计算机、电子、电信、数控专业工程技术人员。 | |
| 410 | 0 | @12001 @a21世纪高等教育系列规划教材 |
| 606 | 0 | @a汇编语言@Ahui bian yu yan@x程序设计@x高等学校@j教材 |
| 690 | @aTP313@v4 | |
| 701 | 0 | @a李国安@Ali guo an@4主编 |
| 701 | 0 | @a李敏@Ali min@4主编 |
| 801 | 0 | @aCN@c20070930 |
| 905 | @dTP313@eL160 | |
| 汇编语言编程技术/李国安, 李敏主编.-郑州:郑州大学出版社,2007.04 |
| 303页:图;26cm.-(21世纪高等教育系列规划教材) |
| 使用对象:计算机、电子、电信、数控专业工程技术人员。 |
| ISBN 978-7-81106-486-5:CNY29.80 |
| 本书内容包括:汇编语言基础知识,8088/8086中央处理器,汇编语言寻址方式,8088/8086指令系统,汇编语言指令语句等。 |
| ● |
| 相关链接 |
|
|
|
正题名:汇编语言编程技术
索取号:TP313/L160
 
预约/预借
| 序号 | 登录号 | 条形码 | 馆藏地/架位号 | 状态 | 备注 |
| 1 | 256770 | 202567702 | 自科二线404/404自科库 12排4列4层/ [索取号:TP313/L160] | 在馆 | |
| 2 | 256771 | 202567711 | 自科库301/301自科库 57排1列5层/ [索取号:TP313/L160] | 在馆 | |
| 3 | 256772 | 202567720 | 期刊室512/301自科库 50排6列2层/ [索取号:TP313/L160] | 在馆 |